01358nam a2200349 a 4500001001200000003000800012006001900020007001500039008004100054010001700095020001500112040002100127035002000148050002500168082001600193100002200209245013300231260006400364300001700428490004300445504006600488533015200554650002300706650001500729650001500744650001600759655002900775710001700804830004400821856012600865999001700991ebr10073538CaPaEBRm u cr cn|||||||||020129s2002 enk sb 001 0 eng  z 2002019248 z0521640075 aCaPaEBRcCaPaEBR a(OCoLC)7075486114aP302.35b.B58 2002eb04a401/.412211 aBlakemore, Diane.10aRelevance and linguistic meaning :bthe semantics and pragmatics of discourse markersh[electronic resource] /cDiane Blakemore. aCambridge ;aNew York :bCambridge University Press,c2002. aviii, 200 p.1 aCambridge studies in linguistics ;v99 aIncludes bibliographical references (p. 186-192) and indexes. aElectronic reproduction.bPalo Alto, Calif. :cebrary,d2013.nAvailable via World Wide Web.nAccess may be limited to ebrary affiliated libraries. 0aDiscourse markers. 0aSemantics. 0aRelevance. 0aPragmatics. 7aElectronic books.2local2 aebrary, Inc. 0aCambridge studies in linguistics ;v99.40uhttp://site.ebrary.com/lib/rucke/Doc?id=10073538zAn electronic book accessible through the World Wide Web; click to view c44542d44542